|
|
|
|
| LEADER |
00000nam0a2200000 4500 |
| 001 |
350972 |
| 005 |
20231102010345.0 |
| 035 |
|
|
|a (RuTPU)RU\TPU\retro\5371
|
| 090 |
|
|
|a 350972
|
| 100 |
|
|
|a 20190318d1971 km y0rusy50 ca
|
| 101 |
0 |
|
|a rus
|
| 102 |
|
|
|a UZ
|
| 105 |
|
|
|a a z 001zy
|
| 200 |
1 |
|
|a Внимание! Землетрясение!
|f В. И. Уломов
|
| 210 |
|
|
|a Ташкент
|c Узбекистан
|d 1971
|
| 215 |
|
|
|a 160 с.
|c ил.
|
| 316 |
|
|
|5 63413507: КР-6321
|a На титульном листе дарственная надпись: "С уважением Александру Акимовичу от автора. В. Уломов. 19.8.71"
|
| 317 |
|
|
|5 63413507: КР-6321
|a Поступила в НТБ в 1987 г. в дар от вдовы ученого Е. К. Завадовской
|
| 320 |
|
|
|a Словарь терминов: с. 158-159
|
| 330 |
|
|
|a Автор, кандидат физико-математических наук Валентин Иванович Уломов, заведующий Ташкентской сейсмологической обсерваторией Института сейсмологии Академии наук Узбекистана, был руководителем сейсмологических исследований природы Ташкентского землетрясения 1966 года и одним из инициаторов и организаторов создания этого института. "Внимание! Землетрясение!" вспыхивает на табло главного пульта управления Центральной сейсмической станции "Ташкент". Эта надпись сигнализирует об очередной подземной катастрофе, случившейся в любой части земного шара. В этих словах и другой, более глубокий смысл. Внимание! Землетрясение... Как мало еще знает сейсмология о природе этого сложнейшего и исключительно коварного явления! А между тем, тысячи человеческих тел ежегодно извлекаются из-под развалин городов нашей беспокойной планеты. Что же происходит в очаге землетрясения, как деформируется очаговая область и земная кора в целом, отчего возникают повторные толчки, какие интересные явления сопровождают землетрясения?— вот неполный перечень вопросов, которые рассматриваются на примере Ташкентского землетрясения в предлагаемой читателю книге.
|
| 606 |
1 |
|
|a Землетрясения
|2 stltpush
|3 (RuTPU)RU\TPU\subj\11717
|9 38626
|
| 610 |
1 |
|
|a библиотека А. А. Воробьева
|
| 610 |
1 |
|
|a Ташкент
|
| 610 |
1 |
|
|a пустыни
|
| 610 |
1 |
|
|a трещины
|
| 610 |
1 |
|
|a города
|
| 610 |
1 |
|
|a прогнозирование
|
| 610 |
1 |
|
|a дары библиотеке
|
| 610 |
1 |
|
|a дарственные надписи
|
| 675 |
|
|
|a 550.348.436
|v 4
|
| 700 |
|
1 |
|a Уломов
|b В. И.
|g Валентин Иванович
|
| 801 |
|
1 |
|a RU
|b 63413507
|c 20190318
|
| 801 |
|
2 |
|a RU
|b 63413507
|c 20190605
|g RCR
|
| 942 |
|
|
|c BK
|